<?xml version="1.0" encoding="UTF-8"?>
<collection xmlns="http://www.loc.gov/MARC21/slim">
 <record>
  <leader>     na                 </leader>
  <controlfield tag="001">INLIS000000000859109</controlfield>
  <controlfield tag="005">20210423090540</controlfield>
  <datafield tag="035" ind1=" " ind2=" ">
   <subfield code="a">0010-0421001014</subfield>
  </datafield>
  <controlfield tag="007">ta</controlfield>
  <controlfield tag="008">210316t2020    yoia   g            ind d</controlfield>
  <datafield tag="020" ind1=" " ind2=" ">
   <subfield code="a">978-623-02-1993-1</subfield>
  </datafield>
  <datafield tag="040" ind1=" " ind2=" ">
   <subfield code="a">YOPDYOG</subfield>
   <subfield code="b">ind</subfield>
   <subfield code="e">rda</subfield>
  </datafield>
  <datafield tag="082" ind1="0" ind2="4">
   <subfield code="2">23</subfield>
   <subfield code="a">428.02</subfield>
  </datafield>
  <datafield tag="084" ind1=" " ind2=" ">
   <subfield code="a">428.02 IRA a</subfield>
  </datafield>
  <datafield tag="090" ind1=" " ind2=" ">
   <subfield code="a">DEP 428.02 IRA a</subfield>
  </datafield>
  <datafield tag="090" ind1=" " ind2=" ">
   <subfield code="a">CB-D.11 2020-2309</subfield>
  </datafield>
  <datafield tag="100" ind1="0" ind2=" ">
   <subfield code="a">Ira Maisarah,</subfield>
   <subfield code="d">1984-</subfield>
   <subfield code="e">penulis</subfield>
   <subfield code="t">Terjemahan: sebuah pengantar</subfield>
  </datafield>
  <datafield tag="245" ind1="1" ind2="0">
   <subfield code="a">Advanced translation /</subfield>
   <subfield code="c">penulis, Ira Maisarah, Desma Yuzahana, Rizky Devi Ayustina, Selvi Maryati, Fitra Andana A., Muhammad Alkamillah, Nurdin, Ameitha Pratiwi, Nora Arseta, Yunita Antasari, Maria Christyolin Marthalena Hutauruk, Herlina Emilda</subfield>
  </datafield>
  <datafield tag="250" ind1=" " ind2=" ">
   <subfield code="a">Cetakan pertama, Desember 2020</subfield>
  </datafield>
  <datafield tag="300" ind1=" " ind2=" ">
   <subfield code="a">viii, 60 halaman :</subfield>
   <subfield code="b">ilustrasi, tabel ;</subfield>
   <subfield code="c">23 cm</subfield>
  </datafield>
  <datafield tag="650" ind1=" " ind2="4">
   <subfield code="a">Bahasa Inggris--</subfield>
   <subfield code="x">Terjemah</subfield>
  </datafield>
  <datafield tag="700" ind1="0" ind2=" ">
   <subfield code="a">Desma Yuzahana,</subfield>
   <subfield code="d">1990-</subfield>
   <subfield code="e">penulis</subfield>
   <subfield code="t">Teori dasar penerjemahan</subfield>
  </datafield>
  <datafield tag="700" ind1="0" ind2=" ">
   <subfield code="a">Rizky Devi Ayustina,</subfield>
   <subfield code="d">1996-</subfield>
   <subfield code="e">penulis</subfield>
   <subfield code="t">Teori dasar penerjemahan</subfield>
  </datafield>
  <datafield tag="700" ind1="0" ind2=" ">
   <subfield code="a">Fitra Andana A.,</subfield>
   <subfield code="d">1980-</subfield>
   <subfield code="e">penulis</subfield>
   <subfield code="t">Metode dalam penerjemahan</subfield>
  </datafield>
  <datafield tag="700" ind1="0" ind2=" ">
   <subfield code="a">Muhammad Alkamillah,</subfield>
   <subfield code="d">1995-</subfield>
   <subfield code="e">penulis</subfield>
   <subfield code="t">Metode dalam penerjemahan</subfield>
  </datafield>
  <datafield tag="700" ind1="0" ind2=" ">
   <subfield code="a">Nurdin,</subfield>
   <subfield code="d">1974-</subfield>
   <subfield code="e">penulis</subfield>
   <subfield code="t">Metode dalam penerjemahan</subfield>
  </datafield>
  <datafield tag="700" ind1="0" ind2=" ">
   <subfield code="a">Ameitha Pratiwi,</subfield>
   <subfield code="d">1994-</subfield>
   <subfield code="e">penulis</subfield>
   <subfield code="t">Strategi dan unit dalam penerjemahan</subfield>
  </datafield>
  <datafield tag="700" ind1="0" ind2=" ">
   <subfield code="a">Nora Arseta,</subfield>
   <subfield code="d">1995-</subfield>
   <subfield code="e">penulis</subfield>
   <subfield code="t">Strategi dan unit dalam penerjemahan</subfield>
  </datafield>
  <datafield tag="700" ind1="0" ind2=" ">
   <subfield code="a">Yunita Antasari,</subfield>
   <subfield code="d">1994-</subfield>
   <subfield code="e">penulis</subfield>
   <subfield code="t">Strategi dan unit dalam penerjemahan</subfield>
  </datafield>
  <datafield tag="700" ind1="3" ind2=" ">
   <subfield code="a">Hutauruk, Maria Christyolin Marthalena,</subfield>
   <subfield code="d">1984-</subfield>
   <subfield code="e">penulis</subfield>
   <subfield code="t">Pergeseran makna dalam penerjemahan</subfield>
  </datafield>
  <datafield tag="700" ind1="0" ind2=" ">
   <subfield code="a">Herlina Emilda,</subfield>
   <subfield code="d">1974-</subfield>
   <subfield code="e">penulis</subfield>
   <subfield code="t">Pergeseran makna dalam penerjemahan</subfield>
  </datafield>
  <datafield tag="850" ind1=" " ind2=" ">
   <subfield code="a">YOPDYOG</subfield>
  </datafield>
  <datafield tag="504" ind1=" " ind2=" ">
   <subfield code="a">Termasuk bibliografi</subfield>
  </datafield>
  <datafield tag="264" ind1="3" ind2="1">
   <subfield code="a">Yogyakarta :</subfield>
   <subfield code="b">Deepublish,</subfield>
   <subfield code="c">2020</subfield>
  </datafield>
  <datafield tag="336" ind1=" " ind2=" ">
   <subfield code="2">rdacontent</subfield>
   <subfield code="a">teks</subfield>
  </datafield>
  <datafield tag="337" ind1=" " ind2=" ">
   <subfield code="2">rdamedia</subfield>
   <subfield code="a">tanpa perantara</subfield>
  </datafield>
  <datafield tag="338" ind1=" " ind2=" ">
   <subfield code="2">rdacarrier</subfield>
   <subfield code="a">volume</subfield>
  </datafield>
  <datafield tag="999" ind1=" " ind2=" ">
   <subfield code="a">CB-D.11/2020-2309</subfield>
  </datafield>
  <datafield tag="990" ind1=" " ind2=" ">
   <subfield code="a">CB-D.11/2020-2309</subfield>
  </datafield>
 </record>
</collection>
